[Event "Tata Steel-A 77th"]
[Site "Wijk aan Zee"]
[Date "2015.01.23"]
[Round "11"]
[White "Hou, Yifan"]
[Black "Jobava, Baadur"]
[Result "1-0"]
[WhiteElo "2673"]
[BlackElo "2727"]
[Annotator "Gormally,D"]
[PlyCount "90"]
[EventDate "2015.01.10"]
[EventType "tourn"]
[EventRounds "13"]
[EventCountry "NED"]
[EventCategory "20"]
[SourceTitle "CBM 165"]
[Source "ChessBase"]
[SourceDate "2015.03.11"]
[SourceVersion "1"]
[SourceVersionDate "2015.03.11"]
[SourceQuality "1"]

1. e4 c6 2. d4 d5 3. Nc3 dxe4 4. Nxe4 Nf6 5. Nxf6+ exf6 6. c3 Qd5 {As usual
Jobava tries to get out of well known theoretical paths as quickly as possible.
The idea behind this queen sally seems to me to be a prophylatic one. Black
wants to interfere with White's normal setup of Bd3, Qc2 and Ne2, which would
not now be possible as the pawn on g2 would be en prise. Jobava had a terrible
result at Wijk Aan Zee, but good, bad or indifferent his games are always
watchable. He is known as an entertainer in chess, but I wonder if he is
trying to play up to this reputation a little bit too much and his results are
suffering as a result. The problem is: when you play the very best players in
the world, if you avoid the main-lines then you are often just playing dubious
openings.} (6... Bd6 {is much more normal. The main attraction of this opening
is that Black's position is very solid and easy to play. He puts the rook on
the e-file, the knight on d7 and the queen on c7. You can play all these moves
with your eyes closed.} 7. Bd3 O-O 8. Ne2 Nd7 9. Qc2 h6 10. O-O Re8 11. Be3 Nf8
12. Rfe1 Bg4 13. h3 Bh5 14. Nf4 Bxf4 15. Bxf4 Bg6 {was a typical continuation
in Swiercz,D (2654)-Zvjaginsev,V (2659) Tromso 2013. Black's position is
rather passive but remains difficult to break down.}) 7. Nf3 (7. Ne2 $1 {
looks very logical. If he puts the queen on d5, why not attack it as quickly
as possible?} Bd6 8. Nf4 Qe4+ 9. Qe2 Qxe2+ 10. Bxe2 O-O 11. Be3 Re8 12. Kd2 {
with a slight but enduring edge in Aagaard,J (2411)-Motwani,P (2552) Hamilton
2004.}) (7. Qf3 Qxf3 {this seems rather forced;} (7... Bd6 $6 8. Qxd5 cxd5 9.
Bd3 {and the isolated d-pawn will become a target for White in the endgame}) 8.
Nxf3 Nd7 9. Bc4 b5 10. Bb3 Nb6 11. O-O {1/2-1/2 (11) Gurevich,V (2481)-Ivanov,
M (2367) Germany 2012. Of course there is no reason to agree a draw here.
Karsten Müller or Magnus would just be getting going!}) 7... Bd6 8. Be2 (8. Bd3
O-O 9. O-O Bg4 $1 {is awkward.} 10. Qc2 $2 Bxf3 11. Bxh7+ Kh8 12. gxf3 g6 13.
Bxg6 Rg8 $19) 8... O-O 9. O-O Bc7 10. h3 Bf5 $1 {But now the bishop finds an
excellent diagonal, so Black should be fine.} 11. Re1 ({The immediate} 11. c4
$6 {was possible but this gives Black the opportunity to create useful
counterplay.} Qd7 $5 {This would be similar to another game of Jobava's
against Karajakin where he sacrificed on h3 and scored a stunning victory.} (
11... Qd6 {is also not bad, with a threat of ...Be4xf3 and Qh2 mate}) (11...
Qe4 12. Be3 Qc2 13. Qxc2 Bxc2 14. Rac1 {however looks rather good for White,
who is starting to build up quite a lead in development.})) 11... Nd7 12. Nh4 (
12. Qb3 Nb6 $1 13. c4 (13. Qxd5 Nxd5 {and the knight is heading for f4}) 13...
Qd7 14. Bf1 Rfe8 15. Be3 Re7 {and I don't see any problems for Black.}) 12...
Be4 {This is somewhat forced as if White were to take on f5 he would be
clearly better, but now the game is rather double-edged.  That's because for
the time being the bishop is well-placed here but it's not anchored in the
centre, so Black has to be careful. He cannot ever play ...f5 for example, as
the reply f3 would win a piece.} 13. g3 Rfe8 14. c4 Qa5 15. Bd2 Qb6 16. Bc3
Rad8 17. Bg4 Nf8 18. Re3 c5 $6 {Jobava is trying to provoke the pawn into
advancing to d5, which in turn will gain him a useful square for his pieces on
e5. This is typical of his double-edged style, always seeking to disrupt the
balance of the position and gain counter-chances for himself, but I think in
this case it was unwarranted. Especially as from White's point of view this
move must have come as something of a relief - the pawn seems cumbersome on d4
and difficult to defend.} ({Black had a much stronger possibility in} 18... g6
$1 {But this demands very precise calculation - in many lines Black stands on
the precipice.} 19. Qe1 $5 {is also rather testing.} (19. f3 $2 {is bad for
many reasons, not least of which is simply} Bc2 $1 20. Qd2 Rxe3 21. Qxe3 Bxg3
$19) (19. Qe2 $1 {would have course been the first line he looked at and
perhaps the reason he rejected this continuation. White gains rather strong
threats;} f5 20. Bf3 Qa6 $1 (20... Bxf3 21. Nxf3 Rxe3 22. Qxe3 Ne6 23. Qh6 $1 {
and Black is in big trouble as ...Bd6 now drops a piece to the simple c5}) (
20... Rxd4 $5 {might be the best practical try, trying to wrest the initiative.
} 21. Bxd4 Qxd4 22. Rd1 Qe5 23. Bxe4 fxe4 24. Nf3 Qe7 $13 {and there is still
everything to play for.}) 21. b3 Bxf3 22. Nxf3 Rxe3 23. Qxe3 Ne6 24. Qh6 Ba5
25. Bb2 Bb4 26. Ng5 $1 (26. d5 Bf8 27. Qh4 cxd5 {and White is running out of
ideas}) 26... Nxg5 27. Qxg5 Re8 (27... Qa5 28. d5 cxd5 29. cxd5 Rxd5 30. Qf6 {
with a big attack.}) 28. Qf6 Re6 29. Qd8+ Bf8 {which is unpleasant but perhaps
defensible.}) 19... f5 20. Bf3 (20. c5 Qa6 21. Be2 b5 22. a4 Qb7 {is rather
unclear}) 20... Rxd4 $1 {but now this is really working} 21. Bxd4 Qxd4 {
with excellent compensation for a small material investment.}) 19. d5 Bg6 20.
Qe2 Rxe3 21. Qxe3 $16 Bd6 22. f4 Qc7 23. a4 $6 (23. Kg2 {with the threat of f5,
trapping the bishop was certainly possible.} Bc2 $1 24. Rc1 $1 (24. b3 Ng6 $1)
24... Ba4 25. Nf5 {looks highly unpleasant for Black.}) (23. Qe2 $1 {was very
strong, as this would have prevented the later "escape" of the bishop via c2.
Black is virtually move bound.}) 23... Qb8 24. Re1 Bc2 25. Bd1 Bxd1 26. Rxd1
Qc8 27. Kg2 Re8 28. Qd3 Ng6 $1 {Now Black doesn't stand too badly, as the
white king is fairly exposed.} 29. Nxg6 (29. Nf5 $5 Bxf4 30. d6 Qc6+ (30... Qd7
$4 31. Ne7+ $1) 31. Kh2 {was one possible line where the d-pawn looks
extremely strong, but of course this was quite a committal line.}) 29... fxg6
30. b3 Kf7 31. Re1 h5 32. Rxe8 Qxe8 33. Bd2 b6 34. a5 bxa5 35. Qe3 Qd7 36. Bxa5
Qf5 37. Be1 h4 38. g4 Qc2+ 39. Kf1 Kg8 $2 {Presumably Jobava thought that
there might be a perpetual if White grabs the bishop, but he was wrong.} (39...
Kf8 $1 40. Bxh4 a5 41. Bf2 a4 42. Qe6 {was the correct way to play. But here
Black really can sacrifice the bishop-} axb3 43. Qc8+ (43. Qxd6+ $4 Kg8 {
When the b-pawn can't be stopped}) 43... Ke7 44. Qe6+ Kf8 $11) 40. Qe6+ Kh7 41.
Qxd6 Qxb3 (41... Qd3+ 42. Kg2 $1 Qe4+ 43. Kf2 Qh1 44. Qxc5 Qh2+ 45. Ke3 Qxh3+
46. Kd2 Qxg4 47. Qf2 {and White will have no problem stopping the pawns.}) 42.
Kg2 Qxc4 43. Qe6 a5 44. f5 gxf5 45. Qxf5+ g6 1-0

[Event "Gibraltar Masters 13th"]
[Site "Caleta"]
[Date "2015.02.04"]
[Round "9"]
[White "Hou, Yifan"]
[Black "Rapport, Richard"]
[Result "1-0"]
[WhiteElo "2673"]
[BlackElo "2716"]
[Annotator "Hou,Yifan"]
[PlyCount "80"]
[EventDate "2015.01.27"]
[EventType "swiss"]
[EventRounds "10"]
[EventCountry "GGB"]
[SourceTitle "CBM 165"]
[Source "ChessBase"]
[SourceDate "2015.03.11"]
[SourceVersion "1"]
[SourceVersionDate "2015.03.11"]
[SourceQuality "1"]

{This was my second time in Gibraltar after a fantastic performance in 2012.
Although we always hope to do better than in previous events, considering my
not very good play in Wijk aan Zee I didn't really have high expectations here.
I just wanted to enjoy some interesting positions. In round nine I was facing
a strong and talented player from Hungary and this was the first game between
us. Let's have a look now:)} 1. e4 g6 2. Nc3 Bg7 3. d4 a6 4. f4 $5 {Another
setup. In earlier rounds Richard played same structure with Spanish GM Vazquez
and was fortunate to win. So this time I decided to choose a more aggressive
line which allows White more space.} d5 $5 ({To fix the centre and look
forward for a long battle. Another option here is} 4... b5 5. Nf3 Bb7 6. Bd3 d6
{leading to the main line and probably it's not what my opponent preferred.})
5. e5 h5 {Preventing g4 and sometimes planning to move the knight via h6 to f5
followed by h4. An ideal plan for Black!} 6. Nf3 Bg4 {A well-known plan to
exchange the "bad" bishop. According to the pawn structure, if Black keeps the
light-squared bishop on the board it might be the "French" one.} (6... Nh6 {
is also possible. Because here White has to play} 7. Be3 {(before Black's
knight goes to f5, in that case d4&h4 square will be out of control.)} (7. h3
Nf5 $1)) 7. h3 Bxf3 8. Qxf3 e6 9. g3 $1 {Slowly developing my position.
Without allowing Black to push h4 White's position will be more flexible,
which gives White more possibilities to enhance the advantage on the kingside.}
Ne7 10. Be3 Nbc6 11. g4 ({I thought about this for a long time: this move
seems like a bit premature, but meanwhile it might save some time. Because now
Black threatens ...Nf5, if} 11. Bf2 Qd7 12. a3 {intending to create some
attacks after Black castles long but it's too slow:} O-O-O 13. b4 f6 $1 {
Breaking the centre, suddenly the position turns in favour of Black.}) 11...
Qd7 12. O-O-O O-O-O 13. Bd3 ({A natural move played by hand. Here it's worth
paying attention to} 13. Na4 {The unavoidable Nc5 will bring White a promising
position since Black cannot open the centre with f6, then the g7-bishop is
unactive.}) 13... hxg4 14. hxg4 f6 15. exf6 ({Although it's better to keep the
pawn structure which can block the dark-squared bishop, that is really
difficult. Now Black wants to break the pawn chain with ...g5, the other
option which came to my mind was} 15. Rxh8 Rxh8 16. Na4 {Now I found this plan,
but already a bit late} Nxd4 (16... fxe5 17. Nc5 e4 18. Qf1 Qd6 19. Bxa6 Nd8 $1
{not pleasant for White}) 17. Nb6+ $1 (17. Bxd4 Qxa4 18. exf6 Qxd4) 17... cxb6
18. Bxd4 fxe5 19. Bxe5 Bxe5 20. fxe5 {The weakness on the dark squares and the
doubled b-pawn offer White some compensation in a double-edged position.})
15... Bxf6 16. Qf2 Qd6 17. a3 {Preventing ...Nb4.} Kb8 18. Kb1 Rdf8 19. Ne2 Na5
20. Bd2 Nac6 21. Bc1 $6 ({Starting from this point somehow I became puzzled
with my position, could not find a clear plan to develop the pieces. Later on
I realised that the knight on e2 is out of work, it should be moved to a more
active place. Then there are two option: f3/b3. Before doing that we should
first defend the d4-pawn:} 21. Rxh8 Rxh8 22. Qe3 Rh2 23. Bc3 $1 {[%cal Ge2c1,
Gc1b3,Gb3c5]}) 21... Bg7 22. Qe3 Na5 23. Rhe1 Nac6 $1 ({A wise choice, it
cannot move to c4 immediately:} 23... Nc4 24. Bxc4 dxc4 25. Qe4 {the pair of
rooks on the d- and e-files give White some pressure} (25. Nc3 Nd5 26. Nxd5
exd5 27. Qe6 Qxe6 28. Rxe6 Rf6 $11)) 24. Rh1 ({Still I didn't find the right
plan which is to activate the e2-knight! It's the key point in this game.} 24.
c3 $1 Bh6 (24... Rh4 25. Ng1 {[%csl Re6]}) 25. Bc2 {The h6-bishop covers the
open file of the rook. White is obviously much better but it's still not easy
to win the game.}) 24... Na5 25. Bd2 $2 ({The last mistake, letting all his
advantages slip away.} 25. Rxh8 Rxh8 26. Qf3 {keeps the structure with a pair
of bishop and will definitely favour White.}) 25... Nc4 $1 {Seizing the right
time to move there! I guess my opponent must have been waiting this chance for
the whole game, it seems like the only promising way to level the position.}
26. Bxc4 dxc4 ({Precise move order. If} 26... Rxh1 27. Rxh1 dxc4 28. Rh7 $1 Nd5
29. Qe4 Nf6 (29... c3 30. Bxc3 Nxc3+ 31. bxc3 {makes no sense}) 30. Qxg6 $1
Nxh7 31. Qxg7 $18) 27. Rxh8 Rxh8 28. Re1 {A calm choice.} ({Actually my first
intention was to play} 28. Bb4 Nd5 29. Qe4 Nxb4 30. axb4 Qxb4 31. c3 $1 (31.
Qxg6 {A few moves earlier I had calculated until now, but before making up my
mind on move 28 I surprisely found a brilliant idea for Black:} c3 $1 32. Nxc3
Bxd4 $17) 31... Qb3 32. Re1 {The computer shows equality but as a human I
prefer Black.}) 28... Qc6 29. Bc1 {A passive move again!} (29. f5 $5 {can
still create some difficulties for Black:} gxf5 30. Qg5 Bh6 31. Qf6 Bxd2 32.
Qxh8+ Ka7 $44) 29... Rh4 30. f5 $6 ({Unfortunately I picked the same idea at
the wrong moment:( The accurate one is} 30. Qg3 Rh1 31. Rxh1 Qxh1 32. Qe3 Qc6
33. f5 gxf5 34. Qg5 {with a series of only moves following it will lead to a
drawish ending.}) 30... Rxg4 31. fxe6 Re4 $6 ({A confident move made by
Richard. I guess he might have missed my next move or didn't pay enough
attention to it. Otherwise the simple} 31... Nd5 {will bring some winning
chances for Black} 32. Qf2 Re4 {Losing the only hope on e6 White will be
suffering for rest of the game.}) 32. Qf3 $1 Rxe6 ({Now both of us wre in time
trouble but still my opponent made the right choice. If} 32... Qxe6 33. Nf4
Rxf4 34. Qh1 $1 {Probably this is the move Richard missed?} Qf6 35. Bxf4 Qxf4
36. Rxe7 Qxd4 37. Qc1 $1 {The only move to keep some hopes} (37. c3 Qd3+ 38.
Ka2 Bxc3 $1 39. Re8+ $1 {( avoid a3 check to capture the rook)} Ka7 40. bxc3
Qc2+ $11)) 33. Qf7 Nd5 $2 ({A blunder resulting from strong pressure. Frankly
speaking it's not easy to find the continuations over the board:} 33... Bf6 34.
d5 $1 Nxd5 35. Nd4 Rxe1 $1 36. Nxc6+ bxc6 37. Qxg6 {A weird position. White
can use perpetual to save the c1-bishop. With accurate defence the game will
end in a draw.}) 34. Qxg7 $18 Ka7 ({If} 34... Qe8 {immediately, White will
exploit its position on the 8th rank to play} 35. Rh1 $1) 35. Qf8 $1 {Although
a piece up White still needs to play carefully.} ({If} 35. Bd2 Qe8) 35... c3
36. Qc5+ {Avoiding the last trap.} ({If} 36. Qf3 $2 cxb2 37. Bxb2 Re3 $44)
36... Qxc5 37. dxc5 c6 38. Bg5 $1 {With the clear plan Bh4.} (38. Ka2 {makes
the position more complicated:} a5 39. Kb3 a4+ $1 40. Kc4 (40. Kxa4 $2 cxb2 41.
Bxb2 g5 $11) 40... cxb2 41. Bxb2 Nf4 42. Nxf4 Rxe1 43. Nxg6 {A technically
winning position but you may need many moves to achieve the win. Compared to
the previous position it's not at all necessary.}) 38... Re5 39. Bh4 cxb2 40.
Kxb2 Re4 {A piece down, first time limit past, with hopeless position Black
resigned.} 1-0

[Event "Norway Chess Qualifier"]
[Site "Fagernes"]
[Date "2016.03.26"]
[Round "6"]
[White "Hou, Yifan"]
[Black "Hammer, Jon Ludvig"]
[Result "1-0"]
[WhiteElo "2667"]
[BlackElo "2701"]
[PlyCount "101"]
[EventDate "2016.03.23"]
[EventType "tourn"]
[EventRounds "6"]
[EventCountry "NOR"]
[EventCategory "16"]
[SourceTitle "CBM 172"]
[Source "ChessBase"]
[SourceDate "2016.05.12"]
[SourceVersion "1"]
[SourceVersionDate "2016.05.12"]
[SourceQuality "1"]

1. e4 e5 2. Nc3 Nf6 3. g3 d5 4. exd5 Nxd5 5. Bg2 Nxc3 6. bxc3 Bc5 7. Ne2 O-O 8.
O-O Nc6 9. d3 Re8 10. Be3 Qd6 11. Rb1 Bb6 12. Qd2 Be6 13. c4 Rad8 14. Qc1 Nd4
15. Nxd4 exd4 16. Bf4 Qd7 17. Qa3 c5 18. Rfe1 Bh3 19. Bxh3 Qxh3 20. Qa4 Re6 21.
Bd2 Kf8 22. Rxe6 Qxe6 23. Ba5 Rd6 24. Qa3 Qc8 25. Bxb6 Rxb6 26. Rb5 Rxb5 27.
cxb5 a6 28. bxa6 bxa6 29. Qa5 g5 30. Qb6 Kg7 31. a4 h5 32. a5 h4 33. Qd6 Qf5
34. Qc6 h3 35. Kf1 g4 36. f4 Kh7 37. Qd6 Kg7 38. Qc6 Kh7 39. Ke2 Qe6+ 40. Qxe6
fxe6 41. Kd2 Kg6 42. c3 Kf5 43. cxd4 cxd4 44. Kc2 e5 45. fxe5 Kxe5 46. Kb3 Kd5
47. Kb4 Kd6 48. Kc4 Kc6 49. Kxd4 Kb5 50. Kd5 Kxa5 51. Kc5 1-0